Deutsche lekture / (Record no. 20212)
[ view plain ]
| 000 -CABECERA | |
|---|---|
| campo de control de longitud fija | 00466nam a2200157 u 4500 |
| 001 - NÚMERO DE CONTROL | |
| campo de control | 000020708 |
| 005 - FECHA Y HORA DE LA ÚLTIMA TRANSACCIÓN | |
| campo de control | 20200930011141.0 |
| 008 - DATOS DE LONGITUD FIJA--INFORMACIÓN GENERAL | |
| campo de control de longitud fija | 100813s1969 dr a r 000 0 spa d |
| 040 ## - FUENTE DE LA CATALOGACIÓN | |
| Centro catalogador/agencia de origen | DO-SdBNP |
| Lengua de catalogación | spa |
| Centro/agencia transcriptor | BPJMB |
| 082 ## - NÚMERO DE LA CLASIFICACIÓN DECIMAL DEWEY | |
| Número de clasificación | xxx |
| Número de documento/Ítem | K916d |
| 100 1# - ENTRADA PRINCIPAL--NOMBRE DE PERSONA | |
| Nombre de persona | Krauss, Paul G. |
| 9 (RLIN) | 43453 |
| 245 10 - MENCIÓN DE TÍTULO | |
| Título | Deutsche lekture / |
| Mención de responsabilidad, etc. | Paul G. Krauss. |
| 260 ## - PUBLICACIÓN, DISTRIBUCIÓN, ETC. | |
| Lugar de publicación, distribución, etc. | New York : |
| Nombre del editor, distribuidor, etc. | Holt, Rinehart and Winston, |
| Fecha de publicación, distribución, etc. | 1969. |
| 300 ## - DESCRIPCIÓN FÍSICA | |
| Extensión | 189 p. : |
| Otras características físicas | il. ; |
| Dimensiones | 21 cm. |
| 500 ## - NOTA GENERAL | |
| Nota general | Incluye notas al pie de páginas |
No items available.
